|
|
|
|
| LEADER |
00000nam0a2200000 4500 |
| 001 |
70502 |
| 005 |
20231031081442.0 |
| 035 |
|
|
|a (RuTPU)RU\TPU\book\75064
|
| 090 |
|
|
|a 70502
|
| 100 |
|
|
|a 20041124d2004 k y0rusy50 ca
|
| 101 |
0 |
|
|a rus
|
| 102 |
|
|
|a RU
|
| 105 |
|
|
|a a dm 001zy
|
| 200 |
1 |
|
|a Исследование формирования набивных свай импульсными разрядами
|e автореферат диссертации на соискание ученой степени кандидата технических наук
|e Спец. 05.14.12
|f А. Ю. Юшков
|g Томский политехнический университет; науч. рук.: В. И. Курец
|
| 210 |
|
|
|a Томск
|c [Б. и.]
|d 2004
|
| 215 |
|
|
|a 21 с.
|c ил.
|
| 300 |
|
|
|a Защита сост. 11.11.2004г.
|
| 320 |
|
|
|a Библиогр.: с. 20-21 (11 назв.)
|
| 452 |
|
1 |
|0 (RuTPU)RU\TPU\book\75923
|t Исследование формирования набивных свай импульсными разрядами
|o Автореферат диссертации на соискание ученой степени кандидата технических наук:
|f А. Ю. Юшков
|g Томский политехнический университет; Науч. рук.: В. И. Курец
|c Томск
|d 2004
|a Юшков, Анатолий Юрьевич
|
| 610 |
1 |
|
|a строительная механика
|
| 610 |
1 |
|
|a набивные сваи
|
| 610 |
1 |
|
|a создание
|
| 610 |
1 |
|
|a проблемы
|
| 610 |
1 |
|
|a исследования
|
| 610 |
1 |
|
|a аппаратура
|
| 610 |
1 |
|
|a разряды
|
| 610 |
1 |
|
|a инициирование
|
| 610 |
1 |
|
|a проводящие среды
|
| 610 |
1 |
|
|a импульсный пробой
|
| 610 |
1 |
|
|a энергия
|
| 610 |
1 |
|
|a потери
|
| 610 |
1 |
|
|a цементные растворы
|
| 610 |
1 |
|
|a активация
|
| 610 |
1 |
|
|a электроимпульсные установки
|
| 610 |
1 |
|
|a авторефераты диссертаций
|
| 675 |
|
|
|a 624.154(04)
|v 3
|
| 686 |
|
|
|a 05.14.12
|2 oksvnk
|
| 700 |
|
1 |
|a Юшков
|b А. Ю.
|g Анатолий Юрьевич
|
| 702 |
|
1 |
|a Курец
|b В. И.
|c специалист в области электротехники
|c профессор Томского политехнического университета, доктор технических наук
|f 1940-
|g Валерий Исаакович
|2 stltpush
|3 (RuTPU)RU\TPU\pers\19829
|4 727
|
| 712 |
0 |
2 |
|a Томский политехнический университет
|
| 801 |
|
1 |
|a RU
|b 63413507
|c 20041124
|g PSBO
|
| 801 |
|
2 |
|a RU
|b 63413507
|c 20200828
|g PSBO
|
| 942 |
|
|
|c BK
|